000
00341nam a2200157Ia 4500
008
210210b1951 xxu||||| |||| 00| 0 eng d
041
_a
eng
082
_a
872/159
100
_a
-
245
_a
Uloor smarak randham
260
_a
_b
-
_c
1951
650
_a
kopanishath
650
_a
Brihadharamya
690
_a
Malayalam
906
_a
002530
999
_c
124501
_d
124501